[Event "Voronezh op-B 23rd"]
[Site "Voronezh"]
[Date "2019.06.16"]
[Round "5"]
[White "Eliseeva, Alena"]
[Black "Belov, Yury"]
[Result "1-0"]
[WhiteElo "1178"]
[BlackElo "1487"]
[PlyCount "115"]
[EventDate "2019.06.12"]
[EventType "swiss"]
[EventRounds "9"]
[EventCountry "RUS"]
[SourceTitle "EXT 2020"]
[Source "ChessBase"]
[SourceDate "2019.10.17"]
[SourceVersion "1"]
[SourceVersionDate "2019.10.17"]
[SourceQuality "1"]

1. d4 d5 2. Bf4 e6 3. Nf3 Bd6 4. Bg3 f5 5. e3 Nf6 6. Bd3 b6 7. Nbd2 Ba6 8. Bxa6 Nxa6 9. c3 Nb8 10. Qc2 b5 11. 0-0 0-0 12. Rfe1 Bxg3 13. fxg3 Qe8 14. Ne5 a6 15. a4 c6 16. a5 Qh5 17. Ndf3 g5 18. Nd3 Ne4 19. Nfe5 Rf6 20. Nf3 Ra7 21. Nf2 Rg7 22. Nxe4 dxe4 23. Ne5 g4 24. Qc1 Rh6 25. Kf2 Qg5 26. Rh1 Qe7 27. c4 Qb7 28. cxb5 Qxb5 29. Qc3 Rc7 30. b3 Rf6 31. b4 Rf8 32. Qb3 Qd5 33. Qa4 Nd7 34. Nxd7 Rxd7 35. Rhd1 Rb8 36. Rac1 Rc7 37. Rc5 Qd6 38. Rdc1 Rb5 39. Qb3 Kf7 40. R1c4 Kf6 41. Qc3 Rxc5 42. Rxc5 Kg5 43. Qc2 h5 44. Qxe4 Rb7 45. Qb1 Rb5 46. Rc4 h4 47. gxh4+ Kxh4 48. g3+ Kg5 49. Qb3 Qd5 50. Qc2 Qf3+ 51. Ke1 Qxe3+ 52. Qe2 Qg1+ 53. Kd2 Qb1 54. Qe3+ Kg6 55. Qxe6+ Kg7 56. Qd7+ Kh6 57. Rxc6+ Kg5 58. Qg7+ 1-0

[Event "Voronezh op-B 23rd"]
[Site "Voronezh"]
[Date "2019.06.14"]
[Round "3"]
[White "Bezhenar, Georgy"]
[Black "Belov, Yury"]
[Result "1-0"]
[WhiteElo "1944"]
[BlackElo "1487"]
[PlyCount "93"]
[EventDate "2019.06.12"]
[EventType "swiss"]
[EventRounds "9"]
[EventCountry "RUS"]
[SourceTitle "EXT 2020"]
[Source "ChessBase"]
[SourceDate "2019.10.17"]
[SourceVersion "1"]
[SourceVersionDate "2019.10.17"]
[SourceQuality "1"]

1. d4 d5 2. c4 e6 3. g3 c6 4. Qc2 f5 5. Bg2 Nf6 6. Nf3 Bd6 7. 0-0 0-0 8. Bf4 Bxf4 9. gxf4 Qe8 10. Nbd2 Qg6 11. Ne5 Qh5 12. Ndf3 Nbd7 13. e3 Ne4 14. b4 Rf6 15. b5 Nxe5 16. dxe5 Rg6 17. Ne1 Bd7 18. f3 Rh6 19. fxe4 Qxh2+ 20. Kf2 Rh3 21. Ke2 Rg3 22. exf5 exf5 23. Rf2 Qh5+ 24. Bf3 Qf7 25. cxd5 cxd5 26. Qd3 Be6 27. Nc2 Rd8 28. Nd4 g6 29. Nxe6 Qxe6 30. Rd1 d4 31. Qb3 Qxb3 32. axb3 d3+ 33. Rxd3 Rxd3 34. Kxd3 b6 35. Bd5+ Kf8 36. Rc2 Rg1 37. Rc8+ Ke7 38. Rc7+ Kd8 39. Rxh7 Rd1+ 40. Kc4 Rc1+ 41. Kb4 Re1 42. Rg7 Rxe3 43. Rxg6 Rd3 44. Kc4 Rd1 45. Rf6 Rc1+ 46. Kb4 Rc5 47. Bc4 1-0

[Event "Voronezh op-B 23rd"]
[Site "Voronezh"]
[Date "2019.06.13"]
[Round "2"]
[White "Tatarintsev, Mikhail"]
[Black "Belov, Yury"]
[Result "1-0"]
[WhiteElo "1730"]
[BlackElo "1487"]
[PlyCount "57"]
[EventDate "2019.06.12"]
[EventType "swiss"]
[EventRounds "9"]
[EventCountry "RUS"]
[SourceTitle "EXT 2020"]
[Source "ChessBase"]
[SourceDate "2019.10.17"]
[SourceVersion "1"]
[SourceVersionDate "2019.10.17"]
[SourceQuality "1"]

1. e4 c5 2. Nf3 e6 3. d4 cxd4 4. Nxd4 a6 5. c4 Bc5 6. Be3 h5 7. Nc3 Bd6 8. Nf5 Bf8 9. Nd6+ Bxd6 10. Qxd6 Nc6 11. Be2 Nf6 12. f3 Nh7 13. 0-0 g5 14. Na4 a5 15. Nb6 Rb8 16. a3 Qf6 17. Rab1 Qe5 18. Bc5 h4 19. Qxe5 Nxe5 20. Bd6 f6 21. Bxb8 Ke7 22. Bxe5 fxe5 23. Rbd1 d6 24. Rd2 Rf8 25. Rfd1 Nf6 26. c5 g4 27. cxd6+ Kf7 28. d7 gxf3 29. Bxf3 1-0

[Event "Voronezh op-B 23rd"]
[Site "Voronezh"]
[Date "2019.06.12"]
[Round "1"]
[White "Belov, Yury"]
[Black "Malinin, Sergey Alekseevich"]
[Result "0-1"]
[WhiteElo "1487"]
[BlackElo "1900"]
[PlyCount "58"]
[EventDate "2019.06.12"]
[EventType "swiss"]
[EventRounds "9"]
[EventCountry "RUS"]
[SourceTitle "EXT 2020"]
[Source "ChessBase"]
[SourceDate "2019.10.17"]
[SourceVersion "1"]
[SourceVersionDate "2019.10.17"]
[SourceQuality "1"]

1. d4 Nf6 2. f3 g6 3. Bg5 Bg7 4. c3 0-0 5. Qd2 Re8 6. e4 d6 7. Bh6 Bh8 8. Qg5 Nh5 9. Bc4 Bf6 10. Qe3 e5 11. Ne2 exd4 12. cxd4 d5 13. Bd3 Nc6 14. Nbc3 dxe4 15. Nxe4 Nxd4 16. 0-0-0 Nf5 17. Qf2 Nxh6 18. g4 Nxg4 19. fxg4 Bxg4 20. Bb5 Qe7 21. Bxe8 Qxe4 22. Bb5 Bg5+ 23. Rd2 Qxh1+ 24. Ng1 Rd8 25. Bc4 Bxd2+ 26. Kc2 Bf5+ 27. Kb3 Qc6 28. a3 b5 29. Be2 Qd5+ 0-1

[Event "Voronezh op-B 19th"]
[Site "Voronezh"]
[Date "2015.06.12"]
[Round "1"]
[White "Sobina, Pavel"]
[Black "Belov, Yury"]
[Result "1-0"]
[WhiteElo "1999"]
[BlackElo "1706"]
[PlyCount "65"]
[EventDate "2015.06.12"]
[EventType "swiss"]
[EventRounds "9"]
[EventCountry "RUS"]
[SourceTitle "CBM 167 Extra"]
[Source "ChessBase"]
[SourceDate "2015.09.14"]
[SourceVersion "1"]
[SourceVersionDate "2015.09.14"]
[SourceQuality "1"]

1. e4 e6 2. d4 a6 3. Nf3 h6 4. Bd3 d6 5. 0-0 Nd7 6. Be3 Be7 7. Nbd2 g5 8. Ne1 h5 9. f4 g4 10. f5 e5 11. c3 Bg5 12. Qe2 Bxe3+ 13. Qxe3 Qf6 14. Bc4 b5 15. Bd5 Rb8 16. Nd3 Bb7 17. dxe5 dxe5 18. Bxb7 Rxb7 19. Nb3 Qb6 20. Rfe1 f6 21. Ndc5 Rb8 22. Rad1 Rd8 23. Ne6 Qxe3+ 24. Rxe3 Rc8 25. Red3 Rh7 26. Na5 c6 27. Nb7 Rb8 28. Nc7+ Kf8 29. Rxd7 Rxd7 30. Rxd7 Ne7 31. Nd6 Nc8 32. Ne6+ Kg8 33. Rg7+ 1-0

[Event "Voronezh Winter Rating op"]
[Site "Voronezh"]
[Date "2015.01.27"]
[Round "7"]
[White "Belov, Yury"]
[Black "Koshelev, Vladimir"]
[Result "1-0"]
[WhiteElo "1708"]
[BlackElo "1895"]
[PlyCount "82"]
[EventDate "2015.01.17"]
[EventType "swiss"]
[EventRounds "9"]
[EventCountry "RUS"]
[SourceTitle "EXT 2017"]
[Source "ChessBase"]
[SourceDate "2016.10.25"]
[SourceVersion "1"]
[SourceVersionDate "2016.10.25"]
[SourceQuality "1"]

1. d4 e6 2. Nf3 c5 3. e3 Nf6 4. Bd3 d5 5. b3 Nbd7 6. Bb2 b6 7. 0-0 Bb7 8. Ne5 Nxe5 9. dxe5 Nd7 10. a4 a6 11. Qg4 Qc7 12. Qg3 g6 13. Nd2 Bg7 14. f4 0-0 15. Rac1 Rfc8 16. h4 f5 17. h5 Nf8 18. hxg6 Nxg6 19. Kf2 Kf7 20. Rh1 Rh8 21. Nf3 h6 22. Bxf5 Nf8 23. Bg4 Ke7 24. Bh5 Kd8 25. Nh4 Qe7 26. f5 Rg8 27. f6 Bxf6 28. Qxg8 Bxh4+ 29. g3 Bg5 30. Ke2 Kc7 31. Rhf1 Nd7 32. Qf7 Qxf7 33. Rxf7 d4 34. Rd1 Bxe3 35. Bg4 Bd5 36. c4 dxc3 37. Bxc3 Bd4 38. Bxd4 cxd4 39. Rxd4 Kc6 40. Rdf4 Bxb3 41. Bf3+ Bd5 1-0

[Event "Voronezh Winter Rating op"]
[Site "Voronezh"]
[Date "2015.01.20"]
[Round "3"]
[White "Belov, Yury"]
[Black "Shestakova, Ekaterina"]
[Result "0-1"]
[WhiteElo "1708"]
[BlackElo "1430"]
[PlyCount "84"]
[EventDate "2015.01.17"]
[EventType "swiss"]
[EventRounds "9"]
[EventCountry "RUS"]
[SourceTitle "EXT 2017"]
[Source "ChessBase"]
[SourceDate "2016.10.25"]
[SourceVersion "1"]
[SourceVersionDate "2016.10.25"]
[SourceQuality "1"]

1. d4 d5 2. Bf4 Nf6 3. e3 e6 4. Bd3 Nbd7 5. Nd2 Be7 6. c3 0-0 7. Rc1 c5 8. Bb1 b6 9. Qc2 Bb7 10. Ngf3 Rc8 11. Ne5 Re8 12. Nxd7 Qxd7 13. Be5 g6 14. f3 Nh5 15. g4 Ng7 16. h4 f6 17. Bg3 Bd6 18. Bf2 cxd4 19. exd4 e5 20. 0-0 e4 21. Qd1 e3 22. Qe2 exf2+ 23. Qxf2 Bf4 24. Rce1 Ba6 25. Rxe8+ Rxe8 26. Re1 Rxe1+ 27. Qxe1 Qe6 28. Qxe6+ Nxe6 29. Nf1 Bxf1 30. Kxf1 Bc1 31. Ke2 Bxb2 32. Kd2 Ba3 33. Bc2 Nf4 34. Bb3 Kf8 35. Bc2 h6 36. Ke3 Ng2+ 37. Kf2 Nxh4 38. Bb3 Bb2 39. Bxd5 Bxc3 40. Ke3 Ke7 41. Kd3 Bb2 42. a4 Kd6 0-1

[Event "Voronezh op-B 18th"]
[Site "Voronezh"]
[Date "2014.06.17"]
[Round "6"]
[White "Zakharov, Nikita"]
[Black "Belov, Yury"]
[Result "1-0"]
[WhiteElo "1881"]
[BlackElo "1707"]
[PlyCount "89"]
[EventDate "2014.06.12"]
[EventType "swiss"]
[EventRounds "9"]
[EventCountry "RUS"]
[SourceTitle "EXT 2015"]
[Source "ChessBase"]
[SourceDate "2014.11.20"]
[SourceVersion "1"]
[SourceVersionDate "2014.11.20"]
[SourceQuality "1"]

1. e4 e6 2. b3 Qf6 3. Nc3 g5 4. Bb2 Bg7 5. Rb1 Qg6 6. Bd3 h5 7. Qc1 Ne7 8. Nge2 a6 9. e5 Qh6 10. Ne4 Ng8 11. Bc3 b6 12. N2g3 h4 13. Nf1 Nc6 14. Qb2 Bb7 15. Ne3 Qh5 16. h3 Bf8 17. Ng4 Be7 18. Nd6+ cxd6 19. exd6 e5 20. Bxe5 Nxe5 21. Qxe5 0-0-0 22. dxe7 Re8 23. 0-0 Rxe7 24. Qd4 Rh6 25. Nxh6 Qxh6 26. Rbe1 Qc6 27. Qc3 Qxc3 28. dxc3 Kd8 29. Rxe7 Nxe7 30. f4 f6 31. c4 a5 32. c3 Bc8 33. fxg5 fxg5 34. Rf8+ Kc7 35. Rf7 Nc6 36. Rg7 Ne5 37. Be2 g4 38. hxg4 Bb7 39. g5 Be4 40. Kf2 Bb1 41. Rg8 Bxa2 42. g6 a4 43. bxa4 Nxc4 44. Bxc4 Bxc4 45. Rh8 1-0

[Event "Voronezh op-B 18th"]
[Site "Voronezh"]
[Date "2014.06.14"]
[Round "3"]
[White "Belov, Yury"]
[Black "Shcherbakov, Nikolay"]
[Result "0-1"]
[WhiteElo "1707"]
[BlackElo "1918"]
[PlyCount "56"]
[EventDate "2014.06.12"]
[EventType "swiss"]
[EventRounds "9"]
[EventCountry "RUS"]
[SourceTitle "EXT 2015"]
[Source "ChessBase"]
[SourceDate "2014.11.20"]
[SourceVersion "1"]
[SourceVersionDate "2014.11.20"]
[SourceQuality "1"]

1. d4 d5 2. Nc3 Nf6 3. Nf3 Nc6 4. e3 a6 5. a3 Bg4 6. Bd3 e5 7. Be2 Bd6 8. dxe5 Bxe5 9. Nxe5 Nxe5 10. h3 Bxe2 11. Nxe2 0-0 12. 0-0 Qd7 13. Ng3 Rad8 14. a4 Ne4 15. b3 Qe6 16. Bb2 c5 17. Ne2 Ng6 18. Qe1 f5 19. Nf4 Nxf4 20. exf4 Rfe8 21. Be5 d4 22. f3 Nc3 23. Qf2 Nd5 24. Rfe1 Qh6 25. Qd2 Re6 26. Kh2 Rde8 27. Rg1 Rxe5 28. g4 Nxf4 0-1

[Event "Zagorovsky Memorial op"]
[Site "Voronezh"]
[Date "2013.06.29"]
[Round "5"]
[White "Kornev, Sergey"]
[Black "Belov, Yury"]
[Result "0-1"]
[WhiteElo "1620"]
[BlackElo "1763"]
[PlyCount "36"]
[EventDate "2013.06.25"]
[EventType "swiss"]
[EventRounds "9"]
[EventCountry "RUS"]
[SourceTitle "EXT 2014"]
[Source "ChessBase"]
[SourceDate "2013.11.20"]
[SourceVersion "1"]
[SourceVersionDate "2013.11.20"]
[SourceQuality "1"]

1. e4 c5 2. f4 e6 3. Nf3 Be7 4. d3 d6 5. b3 Bf6 6. e5 Be7 7. exd6 Bf6 8. c3 Qxd6 9. Be2 Ne7 10. 0-0 Nd5 11. Qd2 0-0 12. Kh1 b6 13. d4 cxd4 14. Nxd4 Rd8 15. Nb5 Qc5 16. N1a3 Nxc3 17. Qc2 Nxe2 18. Qxe2 Bxa1 0-1

[Event "Voronezh Region Senior -ch op"]
[Site "Voronezh"]
[Date "2012.11.25"]
[Round "6.10"]
[White "Danilov, Yuri"]
[Black "Belov, Yury"]
[Result "0-1"]
[WhiteElo "1766"]
[BlackElo "1800"]
[PlyCount "82"]
[EventDate "2012.11.20"]
[EventType "swiss"]
[EventRounds "8"]
[EventCountry "RUS"]
[SourceTitle "EXT 2022"]
[Source "ChessBase"]
[SourceDate "2021.10.06"]
[SourceVersion "1"]
[SourceVersionDate "2021.10.06"]
[SourceQuality "1"]

1. e4 c5 2. Nf3 e6 3. d4 a6 4. Be3 b6 5. Nc3 d6 6. dxc5 bxc5 7. Bc4 Nd7 8. 0-0 Nb6 9. Be2 Be7 10. Qe1 g5 11. h3 h5 12. Nh2 e5 13. Rd1 Bd7 14. b3 Qc8 15. Qd2 g4 16. Bg5 f6 17. Bh4 gxh3 18. g3 Be6 19. a4 Qd8 20. a5 Nc8 21. Nd5 Bf8 22. f4 Bh6 23. Bxh5+ Kd7 24. Nxf6+ Nxf6 25. Bxf6 Qxf6 26. Ng4 Bxg4 27. Bxg4+ Kc7 28. Kh2 Ne7 29. Qc3 Qg7 30. Bxh3 exf4 31. Qxg7 Bxg7 32. Rxf4 Be5 33. Rf7 Rae8 34. Rd3 Kd8 35. c3 Rh6 36. Kg2 Reh8 37. g4 Ke8 38. Rff3 Ng6 39. Kf1 Nf4 40. b4 Nxd3 41. Rxd3 Rxh3 0-1

[Event "Voronezh op 06"]
[Site "Voronezh"]
[Date "2012.06.29"]
[Round "4"]
[White "Kostin, Alexey"]
[Black "Belov, Yury"]
[Result "1-0"]
[WhiteElo "2340"]
[BlackElo "1783"]
[PlyCount "63"]
[EventDate "2012.06.26"]
[EventType "swiss"]
[EventRounds "9"]
[EventCountry "RUS"]
[SourceTitle "EXT 2013"]
[Source "ChessBase"]
[SourceDate "2012.11.22"]
[SourceVersion "1"]
[SourceVersionDate "2012.11.22"]
[SourceQuality "1"]

1. e4 c5 2. d4 e6 3. d5 d6 4. Nc3 e5 5. f4 Nd7 6. Nf3 Qf6 7. Nb5 Kd8 8. f5 h6 9. a4 a6 10. Na3 g5 11. fxg6 fxg6 12. Bd3 Be7 13. 0-0 Qg7 14. Nc4 Ngf6 15. Qe1 b6 16. Nh4 Kc7 17. Ne3 Nf8 18. b4 Ng4 19. a5 b5 20. c4 Nxe3 21. Bxe3 Bg5 22. bxc5 Qe7 23. cxd6+ Qxd6 24. Rf7+ Kd8 25. c5 Bxe3+ 26. Qxe3 Qb8 27. Rd1 Ke8 28. Qf2 Bf5 29. Nxf5 Kxf7 30. Nd6+ Ke7 31. Qf7+ Kd8 32. Qe8+ 1-0

[Event "Voronezh op-B 15th"]
[Site "Voronezh"]
[Date "2011.06.17"]
[Round "6"]
[White "Sitnikov, Sergey V"]
[Black "Belov, Yury"]
[Result "1-0"]
[WhiteElo "1974"]
[BlackElo "1741"]
[PlyCount "73"]
[EventDate "2011.06.12"]
[EventType "swiss"]
[EventRounds "9"]
[EventCountry "RUS"]
[SourceTitle "CBM 143 Extra"]
[Source "ChessBase"]
[SourceDate "2011.08.29"]
[SourceVersion "1"]
[SourceVersionDate "2011.08.29"]
[SourceQuality "1"]

1. c4 f5 2. Nc3 Nf6 3. d3 e6 4. g3 c6 5. Bg2 Bd6 6. Nf3 Na6 7. 0-0 Nc7 8. e4 Be7 9. exf5 d6 10. fxe6 Bxe6 11. Re1 Qd7 12. Ng5 Bf5 13. Bf4 h6 14. Nge4 0-0-0 15. Qa4 Kb8 16. b4 d5 17. cxd5 Nfxd5 18. Nxd5 cxd5 19. Bxc7+ Qxc7 20. Rac1 Qb6 21. Nc5 Bg5 22. Rc2 Bf6 23. b5 g5 24. h3 Rh7 25. g4 Bc8 26. Bf3 Rc7 27. Rec1 Be5 28. d4 Bf4 29. Re1 Rf7 30. Kg2 Bc7 31. Qb3 Qd6 32. Re5 Qf6 33. Bxd5 Bxe5 34. dxe5 Qxe5 35. Bxf7 b6 36. Na6+ Ka8 37. Rxc8+ 1-0

[Event "Voronezh op-B 15th"]
[Site "Voronezh"]
[Date "2011.06.12"]
[Round "1"]
[White "Belov, Yury"]
[Black "Golovchanov, Artiom"]
[Result "0-1"]
[WhiteElo "1741"]
[BlackElo "2073"]
[PlyCount "66"]
[EventDate "2011.06.12"]
[EventType "swiss"]
[EventRounds "9"]
[EventCountry "RUS"]
[SourceTitle "CBM 143 Extra"]
[Source "ChessBase"]
[SourceDate "2011.08.29"]
[SourceVersion "1"]
[SourceVersionDate "2011.08.29"]
[SourceQuality "1"]

1. d4 Nf6 2. Nf3 g6 3. h3 Bg7 4. c3 0-0 5. Qc2 d6 6. e4 Nbd7 7. Bg5 c6 8. Nbd2 a6 9. Bd3 Qc7 10. 0-0-0 c5 11. Rde1 e5 12. dxe5 dxe5 13. Bc4 b5 14. Bd5 Nxd5 15. exd5 Nb6 16. Ne4 f5 17. d6 Qc6 18. Be7 fxe4 19. Bxf8 Kxf8 20. Ng5 Bh6 21. h4 Bf5 22. Qd2 Nc4 23. Ne6+ Bxe6 24. Qxh6+ Kg8 25. h5 Bf7 26. Rd1 Nxd6 27. Qg5 Ne8 28. h6 Qf6 29. Qe3 Qf4 30. b3 Kf8 31. Rd7 Nf6 32. Rd2 Qxe3 33. fxe3 Ke7 0-1

[Event "Voronezh op-B 14th"]
[Site "Voronezh"]
[Date "2010.06.21"]
[Round "9"]
[White "Belov, Yury"]
[Black "Safonov, Artyom"]
[Result "0-1"]
[WhiteElo "1741"]
[BlackElo "1966"]
[PlyCount "70"]
[EventDate "2010.06.12"]
[EventType "swiss"]
[EventRounds "9"]
[EventCountry "RUS"]
[SourceTitle "CBM 137 Extra"]
[Source "ChessBase"]
[SourceDate "2010.09.01"]
[SourceVersion "1"]
[SourceVersionDate "2010.09.01"]
[SourceQuality "1"]

1. d4 d5 2. c4 e6 3. Nf3 Nf6 4. e3 b6 5. Ne5 Bb7 6. Qa4+ c6 7. b3 Bd6 8. Ba3 0-0 9. Nd2 c5 10. Ndf3 Nfd7 11. Bb2 cxd4 12. exd4 Nxe5 13. Nxe5 f6 14. c5 bxc5 15. dxc5 Bxc5 16. Qb5 Bxf2+ 17. Kxf2 fxe5+ 18. Kg1 Qg5 19. h4 Qe3+ 20. Kh2 Qf4+ 21. Kh3 Bc6 22. Qe2 e4 23. Bd4 e5 24. g3 Qf5+ 25. g4 Qf3+ 26. Qxf3 Rxf3+ 27. Kg2 exd4 28. Rc1 Rc3 29. Rd1 d3 30. Rh3 d4 31. Kg1 Nd7 32. g5 Ne5 33. Bg2 e3 34. h5 e2 35. Rb1 d2 0-1